| 000 | 00927nam a2200301 4500 | ||
|---|---|---|---|
| 001 | 18781 | ||
| 003 | BD-RjUL | ||
| 005 | 20211209000332.0 | ||
| 008 | 140222s1966 nbu b 000 0 eng | ||
| 035 | _a(BD-RjUL)18839 | ||
| 040 |
_aDLC _cDLC _dDLC _dBD-RjUL _beng |
||
| 041 | _aeng | ||
| 082 | 0 | 0 |
_a822.4 _bBRA 1967 |
| 100 | 1 |
_aBrome, Richard, _d-1652? _957908 |
|
| 245 | 1 | 4 |
_aThe antipodes / _cEdited by Ann Haaker. |
| 260 |
_aLincoln : _bUniversity of Nebraska Press, _cc1966 [Reprinted 1967]. |
||
| 300 |
_axxi, 138 p. ; _c21 cm. |
||
| 490 | 0 | _aRegents Renaissance drama series | |
| 504 | _aIncludes bibliography. | ||
| 650 | 0 |
_aTravel writing _xAppreciation _vDrama. _957909 |
|
| 650 | 0 |
_aMarried people _vDrama. _957910 |
|
| 651 | 0 |
_aLondon (England) _vDrama. _954794 |
|
| 655 | 7 |
_aComedies. _2gsafd _957927 |
|
| 700 | 1 |
_aHaaker, Ann, _eed. _957912 |
|
| 942 |
_2ddc _cBK |
||
| 999 |
_c18781 _d18781 |
||